000 00442nam a22001697a 4500
003 MPLRDC
005 20220104124849.0
008 210129b ||||| |||| 00| 0 eng d
082 _a874.5 HEM-3
100 _a欧内斯特. 海明威
245 _a海流中的岛屿
_c葛德玮译
250 _a一版一刷
260 _a
_b作家出版社
_c1987
300 _b
650 _a美国特种文艺--海明威
942 _cBK
_o874.5 HEM-3
999 _c22758
_d22748